000 01372cam a2200385 a 4500
999 _c1245
_d1245
001 2004107022
003 DLC
005 20210624110559.0
008 040510s2005 cauab b 001 0 eng
010 _a 2004107022
020 _a0534422640 (student ed.)
020 _a0534422659 (instructor's ed.)
020 _a0534406793 (international student ed.)
020 _a0534422667 (workbook/study guide)
020 _a0534395619 (InfoTrac college ed. and MeteorologyNow passcode card)
035 _a(Sirsi) 9623734
040 _aDLC
_beng
_cDLC
_dDLC
050 0 0 _aQC861.3
_b.A39 2005
082 0 0 _a551.5
_222
090 _a551.5 AHR
100 1 _aAhrens, C. Donald.
245 1 0 _aEssentials of meteorology :
_ban invitation to the atmosphere /
_cC. Donald Ahrens.
250 _aFourth edition
260 _aBelmont, CA :
_bThomson Brooks/Cole,
_cc2005.
300 _axvii, 473 pages :
_billustrations (some color), col. maps ;
_c28 cm.
336 _atext
_btxt
_2rdacontent
337 _aunmediated
_bn
_2rdamedia
338 _avolume
_bnc
_2rdacarrier
500 _aOne folded cloud chart tipped in.
500 _aInfoTrac college ed. and MeteorologyNow passcode card tipped in.
504 _aIncludes bibliographical references (p. 443-444) and index.
650 0 _aMeteorology
_vTextbooks.
942 _2lcc
_cBK
_nSO
948 _a13/07/2005
_b14/10/2005